000 00220 a2200097 4500
020 _a9789364876896
100 _aSureshkumar V.
245 _aDiaspora(ഡയാസ്പൊറ)
260 _bD C books
_c2025
942 _cOO
999 _c115324
_d115323